| 000 | 01845nam0a2200325 4500 | ||
|---|---|---|---|
| 001 | RU\NLR\bibl\1493145 | ||
| 005 | 20250616013429.0 | ||
| 010 |
_a978-5-9947-0061-7 _9300 |
||
| 021 |
_aRU _b2010-9792 _9645 |
||
| 035 | _a(NLR Aleph) 001484685 | ||
| 090 |
_a1725567 _c1725567 |
||
| 100 | _a20100401d2009 |||y0rusy50 ca | ||
| 101 | 0 | _arus | |
| 102 | _aRU | ||
| 105 | _aa ||||||||| | ||
| 200 | 1 |
_aВыполнение и чтение электрических схем _eучебное пособие для студентов высших учебных заведений, обучающихся по специальности 140204 - "Электрические станции" направления подготовки 140200 - "Электроэнергетика" _fС.А. Томилин, Р.А. Ольховская, И.В. Воронина _gМ-во образования и науки Рос. Федерации, Федер. агентство по образованию, Юж.-Рос. гос. техн. ун-т (Новочеркас. политехн. ин-т) |
|
| 210 |
_aНовочеркасск _cЛИК _d2009 |
||
| 215 |
_a135, [1] с. _cил. _d21 |
||
| 320 | _aБиблиогр. в конце кн. (8 назв.) | ||
| 606 | 1 |
_aЭлектрические схемы _jУчебные издания для высших учебных заведений _xВычерчивание _92265130 _3RU\NLR\auth\661357912 |
|
| 686 | _aЖ117.1я73-1 | ||
| 700 | 1 |
_aТомилин _bС. А. _gСергей Алексеевич _4070 |
|
| 701 | 1 |
_aОльховская _bР. А. _gРаиса Андреевна _4070 |
|
| 701 | 1 |
_aВоронина _bИ. В. _gИрина Владимировна _4070 |
|
| 801 | 0 |
_aRU _bNLR _c20100401 _gRCR |
|
| 801 | 1 |
_aRU _bNLR _c20100401 |
|
| 942 | _cBOOK | ||
| 980 | _aNB | ||
| 980 | _aNBR | ||